Sports Quiz

Random Sports Quiz
Score 0/104 Timer 18:00
0 Plays Today
Hint Answer % Correct
Aston VillaVilla Park
100%
LiverpoolAnfield
100%
ArsenalEmirates Stadium
100%
EvertonGoodison Park
100%
ChelseaStamford Bridge
92.3%
Manchester CityEtihad Stadium
92.3%
Newcastle UnitedSt James' Park
92.3%
Manchester UnitedOld Trafford
92.3%
SouthamptonSt Mary's Stadium
92.3%
West Ham UnitedLondon Stadium
92.3%
BarcelonaCamp Nou
92.3%
Crystal PalaceSelhurst Park
84.6%
WolverhaptonMolineux Stadium
84.6%
Tottenham HotspurTottenham Hotspur Stadium
84.6%
WatfordVicarage Road
76.9%
Norwich CityCarrow Road
76.9%
InterSan Siro
76.9%
BournemouthVitality Stadium
69.2%
Leicester CityKing Power Stadium
69.2%
BrightonAMEX Stadium
61.5%
BurnelyTurf Moor
61.5%
Bayern MunichAllianz Arena
61.5%
Borussia DortmundSignal Iduna Park
61.5%
Real MadridEstadio Santiago Bernabeu
61.5%
JuventusAllianz Stadium
61.5%
LazioStadio Olimpico
61.5%
MilanSan Siro
61.5%
RomaStadio Olimpico
61.5%
Sheffield UnitedBramall Lane
53.8%
53.8%
Schalke 04Veltins-Arena
53.8%
53.8%
Atlético MadridWanda Metropolitano
53.8%
ValenciaEstadio Mestalla
53.8%
53.8%
Hint Answer % Correct
53.8%
Olympique MarseilleStade Velodrome
53.8%
Paris-Saint-GermainParc des Princes
53.8%
53.8%
53.8%
Bayer LeverkusenBayArena
46.2%
Hertha BerlinOlympiastadion
46.2%
Athletic BilaboEstadio San Mames
46.2%
AtalantaGewiss Stadium
46.2%
FiorentinaStadio Artemio Franchi
46.2%
NapoliStadio san Paolo
46.2%
SassuoloMapei Stadium
46.2%
MonacoStade Louis II
46.2%
Eintracht FrankfurtCommerzbank-Arena
38.5%
Real BetisEstadio Benito Villamarin
38.5%
Borussia MönchengladbachBorussia-Park
30.8%
HoffenheimRhein-Neckar-Arena
30.8%
RB LeipzigRed Bull Arena
30.8%
EspanyolRCDE Stadium
30.8%
SevillaEstadio Ramon Sanchez Pizjuan
30.8%
BolognaStadio Renato Dall'Ara
30.8%
GenoaStadio Luigi Ferraris
30.8%
ParmaStadio Ennio Tardini
30.8%
SampdoriaStadio Luigi Ferraris
30.8%
Olympique LyonParc Olympique Lyonnais
30.8%
NantesStade de la Beaujoire
30.8%
NiceAllianz Riviera
30.8%
RennesRoazhon Park
30.8%
Saint-ÉtienneStade Geoffroy-Guichard
30.8%
AugsburgWWK Arena
23.1%
FreiburgSchwarzwald Stadion
23.1%
MainzOpel Arena
23.1%
Werder BremenWeserstadion
23.1%
WolfsburgVolkswagen-Arena
23.1%
EibarEstadio Municipal de Ipurua
23.1%
Hint Answer % Correct
GetafeColiseum Alfonso Perez
23.1%
LevanteEstadio Ciutat de Valencia
23.1%
VillarrealEstadio de la Ceramica
23.1%
BresciaStadio Mario Rigamonti
23.1%
CagliariSardegna Arena
23.1%
LecceStadio Via del Mare
23.1%
SPALStadio Paolo Mazza
23.1%
TorinoStadio Olimpico Grande Torino
23.1%
UdineseDacia Arena
23.1%
VeronaStadio Marcantonio Bentegodi
23.1%
BordeauxMatmut Atlantique
23.1%
LilleStade Pierre-Mauroy
23.1%
NîmesStade des Costieres
23.1%
KölnRheinEnergieStadion
15.4%
Fortuna DüsseldorfMerkur Spiel-Arena
15.4%
Real SociedadEstadio de Anoeta
15.4%
AmiensStade de la Licorne
15.4%
BrestStade Francis-Le Ble
15.4%
MetzStade Saint Symphorien
15.4%
MontpellierStade de la Mosson
15.4%
StrasbourgStade de la Meinau
15.4%
Paderborn 07Benteler-Arena
7.7%
Union BerlinStadion an der Alten Försterei
7.7%
Celta VigoEstadio ABANCA-Balaidos
7.7%
MallorcaEstadio de Son Moix
7.7%
OsasunaEstadio El Sadar
7.7%
Real ValladolidEstadio José Zorrilla
7.7%
AngersStade Raymond-Kopa
7.7%
DijonStade Gaston-Gerard
7.7%
ToulouseStadium Municipal
7.7%
AlavésEstadio de Mendizorrotza
0%
GranadaNuevo Estadio de Los Carmenes
0%
LeganésEstadio Municipal de Butarque
0%
Stade de ReimsStade Auguste-Delaune
0%

You're not logged in!

Compare scores with friends on all Sporcle quizzes.
OR
Log In

Sporcle TV

Today on Sporcle TV


Watch our educational content, quiz creation guides, and fun videos on Sporcle TV.

Show Comments

Extras

Created Sep 19, 2019ReportNominate
Tags:2019, league

Top Quizzes Today


Score Distribution

Paid Content

Your Account Isn't Verified!

In order to create a playlist on Sporcle, you need to verify the email address you used during registration. Go to your Sporcle Settings to finish the process.

Report this User

Report this user for behavior that violates our Community Guidelines.

Details: